<?xml version="1.0" encoding="UTF-8"?><?xml-stylesheet type="text/xsl" href="static/style.xsl"?><OAI-PMH xmlns="http://www.openarchives.org/OAI/2.0/" xmlns:xsi="http://www.w3.org/2001/XMLSchema-instance" xsi:schemaLocation="http://www.openarchives.org/OAI/2.0/ http://www.openarchives.org/OAI/2.0/OAI-PMH.xsd"><responseDate>2026-06-01T22:59:11Z</responseDate><request verb="GetRecord" identifier="oai:riuma.uma.es:10630/9723" metadataPrefix="marc">https://riuma.uma.es/rest/oai/request</request><GetRecord><record><header><identifier>oai:riuma.uma.es:10630/9723</identifier><datestamp>2026-02-03T10:22:02Z</datestamp><setSpec>com_10630_1685</setSpec><setSpec>col_10630_38055</setSpec></header><metadata><record xmlns="http://www.loc.gov/MARC21/slim" xmlns:dcterms="http://purl.org/dc/terms/" xmlns:doc="http://www.lyncode.com/xoai" xmlns:xsi="http://www.w3.org/2001/XMLSchema-instance" xsi:schemaLocation="http://www.loc.gov/MARC21/slim http://www.loc.gov/standards/marcxml/schema/MARC21slim.xsd">
   <leader>00925njm 22002777a 4500</leader>
   <datafield ind2=" " ind1=" " tag="042">
      <subfield code="a">dc</subfield>
   </datafield>
   <datafield ind2=" " ind1=" " tag="720">
      <subfield code="a">Cabello Medina, Noelia</subfield>
      <subfield code="e">author</subfield>
   </datafield>
   <datafield ind2=" " ind1=" " tag="260">
      <subfield code="c">2015-05-05</subfield>
   </datafield>
   <datafield ind2=" " ind1=" " tag="520">
      <subfield code="a">Cada artista busca una musa inspiradora para sus creaciones, ideas, herramientas y productos que provoquen cambios sociales. Desde mi propia vivencia la fuente de inspiración es el individuo, abarcando este tema desde distintas concepciones, pero una de mis principales divagaciones como artista ha sido el cuerpo humano como soporte de muchos registros de vida, físicos y psicológicos, huellas, heridas, cicatrices, etc...&#xd;
El tema elegido para el desarrolo del proyecto son los defectos congénitos, definidos como aquellas alteraciones en el embrión o en el feto, que se manifestarán en el curso del embarazo o en el nacimiento. Producidos por un trastorno durante el desarrollo embrionario o durante el parto.&#xd;
Muchas anomalías pueden ser diagnosticadas antes del nacimiento. A pesar de que muchas tienen tratamiento mientras el feto se encuentra en el útero, la mayoría se corrige después del parto. Algunas no necesitan medicación alguna. Otras no pueden ser curadas y, en consecuencia, el bebé queda gravemente incapacitado de forma permanente.&#xd;
No debe sorprender que se produzcan tantos defectos congénitos, considerando la complejidad del desarrollo de millones de células especializadas que constituyen un&#xd;
ser humano a partir de un solo óvulo fecundado.&#xd;
Tras analizar el problema me dispongo a realizar una propuesta artística que haga&#xd;
pensar al espectador, ya que se trata de un tema del que todos conocemos de su existencia&#xd;
pero no nos percatamos de sus consecuencias hasta que lo experimentamos por nosotros mismos. Artistas como Espaliú ó Tápies han tratado el tema de la enfermedad en sus diferentes ramas, aunque no han utilizado los defectos congénitos como modo de expresión.</subfield>
   </datafield>
   <datafield ind1="8" ind2=" " tag="024">
      <subfield code="a">http://hdl.handle.net/10630/9723</subfield>
   </datafield>
   <datafield tag="653" ind2=" " ind1=" ">
      <subfield code="a">Figura humana en el arte</subfield>
   </datafield>
   <datafield tag="653" ind2=" " ind1=" ">
      <subfield code="a">Bellas Artes - Trabajos Fin de Grado</subfield>
   </datafield>
   <datafield tag="653" ind2=" " ind1=" ">
      <subfield code="a">Grado en Bellas Artes - Trabajos Fin de Grado</subfield>
   </datafield>
   <datafield ind2="0" ind1="0" tag="245">
      <subfield code="a">El arte transgresor: la provocación artística como anomalía</subfield>
   </datafield>
</record>
</metadata></record></GetRecord></OAI-PMH>